| 000 | 00755nmc a2200277 a 4500 | ||
|---|---|---|---|
| 003 | AR-BaBNM | ||
| 005 | 20251128203337.0 | ||
| 008 | 011101s1971 ||||||||||||||000 | spa|| | ||
| 020 | _a950-13-6702-9 | ||
| 040 | _cAR-BaBNM | ||
| 100 | 1 | _aGonzález Barbosa, Adriana | |
| 245 | 1 | 0 | _aEjercicios correctivos y estimulantes basados en el test ABC |
| 250 | _a1ª ed. | ||
| 260 |
_aBuenos Aires _bKapelusz _c1971 |
||
| 300 |
_a46 p. _bil. |
||
| 490 | 0 |
_aCuaderno pedagógico _vv. 11 |
|
| 650 | 4 | _aDESARROLLO MOTOR | |
| 650 | 4 | _aPERCEPCION VISUAL | |
| 650 | 4 | _aESTIMULOS VISUALES | |
| 650 | 4 | _aPERCEPCION AUDITIVA | |
| 650 | 4 | _aDIAGNOSTICO EDUCACIONAL | |
| 650 | 4 | _aPRUEBAS DE DIAGNOSTICO | |
| 650 | 4 | _aATENCION | |
| 942 | _cBK | ||
| 998 | _cCarmen | ||
| 999 |
_c2980 _d2980 |
||